Boceto biográfico y crítico de josé manuel estrada /

Guardado en:
Autor Principal: López, Vicente Fidel
Formato: Libro
Publicado: Corrientes : Imprenta del estado, 1930
Materias:
Etiquetas: Agregar Etiqueta
Sin Etiquetas, Sea el primero en etiquetar este registro!
LEADER 00503nam a22001695a 4500
001 CEM.cems004022
005 20060216000000.0
008 130507s1930##################000#0#####d
003 CEMS
082 0 4 |a 923 
100 1 |a López, Vicente Fidel 
245 1 0 |a Boceto biográfico y crítico de josé manuel estrada / 
260 |a Corrientes :  |b Imprenta del estado,  |c 1930 
300 |a 32 p. 
653 |a Biografias 
653 |a Estrada manuel-biografia 
859 |a CEMS  |b BIB. CEMS - 11 de abril  |h 923  |i Es88L  |p 9822.81  |t Ej.1